| 000 | 00508nam a22001937a 4500 | ||
|---|---|---|---|
| 003 | SISC | ||
| 005 | 20160302122515.0 | ||
| 008 | 130909t xxu||||| |||| 00| 0 eng d | ||
| 020 | _a9780439339094 | ||
| 050 |
_aPZ 8.1 _b.M992 2003 |
||
| 082 |
_aHS 398.2 _bSt7 2003 |
||
| 100 |
_aMuth, Jon J. _917156 |
||
| 245 |
_aStone soup / _cJon J. Muth. |
||
| 260 |
_aNew York : _bScholastic, _cc2003. |
||
| 300 |
_bcol. ill. ; _c24 cm. |
||
| 650 |
_aFolklore _xFrance. _917157 |
||
| 942 |
_2lcc _cBK |
||
| 999 |
_c10644 _d10644 |
||